000 00355nam a2200121Ia 4500
008 220615s9999||||xx |||||||||||||| ||und||
245 0 _aFractionation
546 _aEnglish[eng]
650 _aAnalytical chemistry
700 _aAl- Haj Ibrahim, Hassan
856 _uhttps://mts.intechopen.com/storage/books/6720/authors_book/authors_book.pdf
942 _cEB
999 _c14781
_d14781